Normal view
MARC view
Entry Personal Name
001 - CONTROL NUMBER
- control field: 40596
003 - CONTROL NUMBER IDENTIFIER
- control field: ARRUPE
005 - DATE AND TIME OF LATEST TRANSACTION
- control field: 20180314144654.0
008 - FIXED-LENGTH DATA ELEMENTS
- fixed length control field: 180314|| aca||aabn | a|a d
040 ## - CATALOGING SOURCE
- Original cataloging agency: ARRUPE
- Transcribing agency: ARRUPE
100 ## - HEADING--PERSONAL NAME
- Personal name: Merleau-Ponty, Maurice,
- Dates associated with a name: 1908-1961.
- Title of a work: Phénoménologie de la perception.
670 ## - SOURCE DATA FOUND
- Source citation: Work cat.: (ARRUPE)0: Romdenh-Romluc, Komarine. 40595, Routledge philosophy guidebook to Merleau-Ponty and phenomenology of perception /, 2011.